[Event "AUTO-MASTER-3242"]
[Site "http://www.queenalice.com/game.php?id=1848674"]
[Date "2024.12.11"]
[Round "1"]
[White "chessman"]
[Black "biano"]
[Result "1-0"]
[WhiteElo "2035"]
[BlackElo "1980"]

1. e4 c5 2. Nf3 Nc6 3. d4 cxd4 4. Nxd4 e5 5. Nb5 d6 6. Be2 a6 7. N5c3 Be7 8. O-O
Nf6 9. f3 O-O 10. Be3 Bd7 11. Nd2 Qc7 12. Nb3 Rfd8 13. a3 Rac8 14. Nd5 Nxd5 15.
exd5 Nb8 16. c3 Rf8 17. Qc2 Qd8 18. f4 Bf6 19. Bd3 h6 20. f5 Bg5 21. Qe2 Bxe3+
22. Qxe3 f6 23. Be4 Bb5 24. Rac1 Bxf1 25. Rxf1 Nd7 26. Rc1 Nc5 27. Nxc5 Rxc5 28.
c4 Qc7 29. Bd3 Rc8 30. b4 Rxd5 31. cxd5 1-0

[Event "AUTO-MASTER-3242"]
[Site "http://www.queenalice.com/game.php?id=1848675"]
[Date "2024.12.11"]
[Round "1"]
[White "biano"]
[Black "chessman"]
[Result "0-1"]
[WhiteElo "1966"]
[BlackElo "2049"]

1. d4 d5 2. c4 c6 3. e3 Nf6 4. Nf3 e6 5. Be2 Be7 6. O-O O-O 7. Nc3 a6 8. Bd2
dxc4 9. Bxc4 Nbd7 10. Qc2 Nb6 11. Bd3 Nbd5 12. Na4 Bd7 13. Nc5 Bxc5 14. Qxc5 b6
15. Qc2 a5 16. Ne5 h6 17. Rac1 Rc8 18. a3 c5 19. Nxd7 Qxd7 20. dxc5 Rxc5 21. Qb1
Rfc8 22. Rxc5 Rxc5 23. Rc1 Rxc1+ 24. Qxc1 Qc7 25. Qxc7 Nxc7 26. Bc3 Ncd5 27. Bd4
Kf8 28. e4 Nf4 29. Bb5 Nxe4 30. Bxb6 Ke7 0-1

[Event "AUTO-MASTER-3242"]
[Site "http://www.queenalice.com/game.php?id=1848689"]
[Date "2024.12.11"]
[Round "1"]
[White "biano"]
[Black "Sigmund"]
[Result "1-0"]
[WhiteElo "2018"]
[BlackElo "1773"]

1. d4 d5 2. c4 c6 3. Nc3 Bf5 4. e3 Nf6 5. Bd3 Bg6 6. Nf3 Nbd7 7. O-O e6 8. a3
Be7 9. b4 O-O 10. Bb2 Bd6 11. cxd5 cxd5 12. Rc1 Re8 13. Nb5 Nb6 14. Nxd6 Qxd6
15. Rc5 Nbd7 16. Rc1 Bh5 17. Be2 Bg6 18. Nh4 Rf8 19. Nxg6 fxg6 20. Qc2 Qe7 21.
Qc7 b6 22. Ba6 Ne8 23. Qb7 Nd6 24. Qc7 Qf7 25. Qxd6 Nb8 26. Bb7 Qxb7 27. Rc7 1-0

[Event "AUTO-MASTER-3243"]
[Site "http://www.queenalice.com/game.php?id=1848954"]
[Date "2024.12.18"]
[Round "1"]
[White "Kapablanca"]
[Black "biano"]
[Result "0-1"]
[WhiteElo "1692"]
[BlackElo "1909"]

1. d4 d5 2. c4 c6 3. Nc3 Nf6 4. e3 e6 5. cxd5 cxd5 6. Nf3 Be7 7. Bd3 O-O 8. O-O
Nc6 9. a3 Bd7 10. Bd2 Rc8 11. Rc1 a6 12. h3 Qb6 13. b4 Na7 14. Qb3 Nb5 15. Nxb5
Bxb5 16. Bxb5 Qxb5 17. a4 Qd7 18. b5 axb5 19. Qxb5 Qd6 20. Ne5 Qa6 21. Rxc8 Qxb5
0-1

[Event "AUTO-MASTER-3243"]
[Site "http://www.queenalice.com/game.php?id=1848955"]
[Date "2024.12.18"]
[Round "1"]
[White "biano"]
[Black "Kapablanca"]
[Result "1-0"]
[WhiteElo "1916"]
[BlackElo "1685"]

1. d4 d5 2. c4 c6 3. Nf3 g6 4. e3 Bg7 5. Nc3 Nf6 6. Be2 O-O 7. O-O Re8 8. Bd2
Bg4 9. h3 Bxf3 10. Bxf3 Nbd7 11. cxd5 cxd5 12. Nxd5 Rb8 13. Rc1 Nxd5 14. Bxd5 e6
15. Bf3 Qb6 16. Rc2 Rec8 17. Qc1 Rxc2 18. Qxc2 Bf8 19. a3 Bd6 20. Rc1 Kg7 21. h4
Nf6 22. Bc3 Nd5 23. Bd2 1-0

[Event "AUTO-MASTER-3261"]
[Site "http://www.queenalice.com/game.php?id=1855841"]
[Date "2025.4.20"]
[Round "1"]
[White "biano"]
[Black "JailtonMaster"]
[Result "0-1"]
[WhiteElo "1940"]
[BlackElo "2098"]

1. e4 c5 2. Nf3 d6 3. d4 cxd4 4. Nxd4 Nf6 5. Nc3 a6 6. Be2 e5 7. Nb3 Be6 8. O-O
Be7 9. Be3 Nc6 10. Qd2 O-O 11. a3 d5 12. exd5 Nxd5 13. Bc5 Bxc5 14. Nxc5 Nxc3
15. Qxc3 Nd4 16. Bc4 Bxc4 0-1

[Event "AUTO-MASTER-3261"]
[Site "http://www.queenalice.com/game.php?id=1855842"]
[Date "2025.4.20"]
[Round "1"]
[White "JailtonMaster"]
[Black "biano"]
[Result "1-0"]
[WhiteElo "2033"]
[BlackElo "1953"]

1. e4 c5 2. Nf3 Nc6 3. d4 cxd4 4. Nxd4 e5 5. Nb5 d6 6. N1c3 a6 7. Na3 Be7 8. Be2
Nf6 9. Bg5 O-O 10. f3 Be6 11. Nd5 Nxd5 12. exd5 Bxg5 13. dxe6 fxe6 14. c4 Qa5+
15. Kf2 Bh4+ 16. g3 Qc5+ 17. Kg2 Bg5 18. Nc2 1-0